00464nam a2200157 a 450008200170000010000180001724500250003526000430006030000090010350000350011250500100014765000170015794200070017495201100018199900150029100a954.025bEDW aEdwardes, S M aMughal Rule in India aLondonbOxford University Press c1930 a374p aincludes index and biblioraphy2 aIndex aMughal India cBK 00104070aHMIbHMId2007-04-04g100.00l1o954.025 EDWp013514r2018-07-18s2018-07-10w2026-01-16yEB c7511d7511